000 00525nam a22001697a 4500
999 _c8344
_d8344
008 201113b ||||| |||| 00| 0 eng d
040 _aBMS College of Architecture
100 _aSindhu, Meka
245 _aSwitching hands matter of experience and learning
300 _a63p.
500 _a1BM15AT047
502 _8B,Arch
_NBMS College of Architecture, Visvesvaraya Technological University (VTU)
_aProject report
_d2019
650 _aLearning
700 _aBhavesh
_eGuide
700 _aPrathima
_eGuide
942 _2ddc
_cTHE